| 000 | 00349nam a2200145Ia 4500 | ||
|---|---|---|---|
| 008 | 230917s9999||||xx |||||||||||||| ||und|| | ||
| 040 |
_e108189 _aMAIN |
||
| 041 | _aEnglish | ||
| 082 | _a657.48 T829F | ||
| 100 | _aTulsian | ||
| 245 | 0 | _aFinancial accounting | |
| 260 |
_aNew Delhi _bPearson Education _c2003 |
||
| 300 | _a18.13p p. | ||
| 942 | _cBK | ||
| 999 |
_c120146 _d120146 |
||